| 000 | 00637nam a2200169Ia 4500 | ||
|---|---|---|---|
| 008 | 090201s9999 xx 000 0 und d | ||
| 010 | _aKPL-53314 | ||
| 040 | _bइंग्रजी | ||
| 041 | _aइंग्रजी | ||
| 082 |
_a13435 _b53314 |
||
| 100 | _aजयश्री देसाई | ||
| 245 |
_aअयोध्या आंदोलन (काल-आज-उद्या) _cजयश्री देसाई |
||
| 260 |
_c2004 _bचंद्रकला प्रकाशन |
||
| 300 |
_a87 _bमोठा |
||
| 600 | _aअयोध्या आंदोलन (काल-आज-उद्या) | ||
| 942 | _cBOOK | ||
| 999 |
_c213633 _d213633 |
||